| 000 | 00526ntaaa2200193 4500 | ||
|---|---|---|---|
| 003 | 01 | ||
| 005 | 20251027201255.0 | ||
| 008 | 0714s1973 ag 01 | ||
| 040 |
_aAR-BaBN _bspa _cAR-BaBN _eaacr _dRIC |
||
| 082 | _a221.0000 D86 | ||
| 100 |
_aDuesberg, Don H. _910906 |
||
| 245 | _aValores cristianos del Antiguo Testamento | ||
| 250 |
_a1 ed. : _bEPESA, _c1961 |
||
| 300 | _a156 p. | ||
| 500 | _aComentario católico del Antiguo Testamento | ||
| 650 | _aBiblia-Antiguo Testamento | ||
| 650 | _aAntiguo Testamento | ||
| 942 | _cBK | ||
| 999 |
_c7118 _d7118 |
||